000 00702nam a22002297a 4500
005 20220409120146.0
008 220409b ||||| |||| 00| 0 eng d
020 _a0861321398
040 _cAL
041 _aEnglish
082 _223
_a954.0350924
_bDANY
100 _aMadhu Dandavate
_929027
245 _aYusuf Meherally: Quest for New Horizons
260 _aBombay
_bPopular Prakashan
_c1986
300 _a148 p.
_bHB
_c22x14 cm.
365 _b₹95.00
_c
_d₹95.00
650 _aMeherally, Yusuf, -- 1903-1950
_929023
650 _a Nationalists -- India -- Biography
_929024
650 _aSocialists -- India -- Biography
_929025
700 _aDANDAVATE (Madhu)
_929026
942 _2ddc
_cGF
999 _c222326
_d222326